(In) civility and the city (Record no. 75401)

000 -LEADER
fixed length control field 00411pab a2200181 454500
008 - FIXED-LENGTH DATA ELEMENTS--GENERAL INFORMATION
fixed length control field 180718b2007 xxu||||| |||| 00| 0 eng d
100 ## - MAIN ENTRY--PERSONAL NAME
Personal name Fyfe, Nicholas
245 ## - TITLE STATEMENT
Title (In) civility and the city
260 ## - PUBLICATION, DISTRIBUTION, ETC.
Date of publication, distribution, etc. 2007
300 ## - PHYSICAL DESCRIPTION
Extent p.853-61.
362 ## - DATES OF PUBLICATION AND/OR SEQUENTIAL DESIGNATION
Dates of publication and/or sequential designation May
650 ## - SUBJECT ADDED ENTRY--TOPICAL TERM
Topical term or geographic name entry element Urban development
700 ## - ADDED ENTRY--PERSONAL NAME
Personal name Kearns, Ade
700 ## - ADDED ENTRY--PERSONAL NAME
Personal name Bannister, Jon
773 ## - HOST ITEM ENTRY
Main entry heading Urban Studies
908 ## - PUT COMMAND PARAMETER (RLIN)
Put command parameter N
909 ## -
-- 75401
Holdings
Withdrawn status Lost status Damaged status Not for loan Permanent Location Current Location Date acquired Serial Enumeration / chronology Barcode Date last seen Price effective from Koha item type
        Indian Institute of Public Administration Indian Institute of Public Administration 2018-07-19 Volume no: 43, Issue no: 5-6 AR75861 2018-07-19 2018-07-19 Articles

Powered by Koha